Vybrané výsledky výskumnej činnosti ČSAV a SAV 1980 vedy o neživej prírode

Na minha lista:
Detalhes bibliográficos
Formato: Livro
Idioma:eslovaco
Publicado em: Praha Academia 1981
Tags: Adicionar Tag
Sem tags, seja o primeiro a adicionar uma tag!

MARC

LEADER 00000nam a2200000 4500
001 c131381
005 20041019155252.2
041 0 |a slo 
044 |a CZ 
245 1 0 |a Vybrané výsledky výskumnej činnosti ČSAV a SAV 1980  |b vedy o neživej prírode 
264 1 |a Praha  |b Academia  |c 1981 
300 |a 281 s.